Catedra sobre el Banco de la Republica : (Registro nro. 12065)

Detalles MARC
000 -LEADER
fixed length control field 01889nam a2200277Ia 4500
003 - CONTROL NUMBER IDENTIFIER
control field OSt
005 - DATE AND TIME OF LATEST TRANSACTION
control field 20210729124049.0
008 - FIXED-LENGTH DATA ELEMENTS--GENERAL INFORMATION
fixed length control field 210310s2013 ck gr 000 0 spa d
020 ## - INTERNATIONAL STANDARD BOOK NUMBER
International Standard Book Number 9789587493153
040 ## - CATALOGING SOURCE
Original cataloging agency CO-JMCR
Transcribing agency CO-JMCR
041 0# - LANGUAGE CODE
Language code of text/sound track or separate title spa
082 04 - DEWEY DECIMAL CLASSIFICATION NUMBER
Classification number 332.11 /
Item number M177c
Edition number 23
100 1# - MAIN ENTRY--PERSONAL NAME
Personal name Martínez Neira, Néstor Humberto,
Relator term autor
9 (RLIN) 27196
245 10 - TITLE STATEMENT
Title Catedra sobre el Banco de la Republica :
Remainder of title antecedentes y régimen funcional /
Statement of responsibility, etc. Néstor Humberto Martínez Neira
250 ## - EDITION STATEMENT
Edition statement Primera edición
260 ## - PUBLICATION, DISTRIBUTION, ETC.
Place of publication, distribution, etc. Bogotá :
Name of publisher, distributor, etc. Ibañez,
Date of publication, distribution, etc. 2014.
300 ## - PHYSICAL DESCRIPTION
Extent 126 páginas ;
Dimensions 23 cm.
490 0# - SERIES STATEMENT
Series statement Catedra Bancolombia.
500 ## - GENERAL NOTE
General note #N/A
504 ## - BIBLIOGRAPHY, ETC. NOTE
Bibliography, etc. note Bibliografía : páginas123-126.
505 0# - FORMATTED CONTENTS NOTE
Title El árbitro. /
Statement of responsibility Thomas Clay. --
Title Análisis económico del derecho societario. /
Statement of responsibility Francisco Reyes Villamizar. --
Title La operación de leasing en Colombia y las tendencias internacionales de la figura. /
Statement of responsibility Jorge Villegas Betancur. --
Title Autorregulación y debido proceso: análisis de la función disciplinaria y del proceso disciplinario de AMV desde la óptica de los postulados del debido procesos. /
Statement of responsibility Ever Leonel Ariza Marín. --
Title Emisión de valores de residentes colombianos en el exterior y de extranjeros en Colombia. /
Statement of responsibility Carlos Fradique Méndez L.
Title Sociedad por acciones simplificada (SAS). Novedades, aciertos y desaciertos. /
Statement of responsibility Felipe Andrés Cuberos de las Casas. -- <br/>
Title El régimen especial de integraciones empresariales para el sistema financiero y asegurador. /
Statement of responsibility Alfonso Miranda Londoño. --
Title Banco de la República: antecedentes y régimen funcional. /
Statement of responsibility Humberto Martínez Neira. -- <br/>
Title Apuntes de derecho penal económico Coordinadores Académicos. /
Statement of responsibility Andrés Fernando Ramírez.
650 14 - SUBJECT ADDED ENTRY--TOPICAL TERM
Topical term or geographic name entry element Banco de la República
9 (RLIN) 27198
650 24 - SUBJECT ADDED ENTRY--TOPICAL TERM
Topical term or geographic name entry element Derecho económico
Geographic subdivision Colombia
9 (RLIN) 13040
650 24 - SUBJECT ADDED ENTRY--TOPICAL TERM
Topical term or geographic name entry element Derecho monetario
Geographic subdivision Colombia
9 (RLIN) 38884
942 ## - ADDED ENTRY ELEMENTS (KOHA)
Source of classification or shelving scheme Dewey Decimal Classification
Koha item type Books
Existencias
Withdrawn status Lost status Source of classification or shelving scheme Damaged status Not for loan Home library Current library Shelving location Date acquired Source of acquisition Full call number Barcode Date last seen Copy number Price effective from Koha item type
    Dewey Decimal Classification     Biblioteca Pública José María del Castillo y Rada Biblioteca Pública José María del Castillo y Rada General Stacks 04/15/2018 Donación 332.11 / M177c 430001479 05/16/2024 Ej.1 03/10/2021 Books